|
|
|
|
| LEADER |
00000cas a2200000 4500 |
| 001 |
vtls012271252 |
| 003 |
SK-MaSNL |
| 005 |
20260425194307.0 |
| 008 |
250214c20239999xo ar 0 b0slo |
| 040 |
|
|
|a SNK
|b slo
|c SNK
|e rda
|
| 041 |
0 |
|
|a slo
|
| 043 |
|
|
|a e-xo---
|
| 044 |
|
|
|a xo
|c SK
|
| 072 |
|
7 |
|a 005
|x Manažment. Riadenie
|2 konspekt
|
| 072 |
|
7 |
|a 339
|x Obchod
|2 konspekt
|
| 072 |
|
7 |
|a 658
|x Riadenie a správa podniku
|2 konspekt
|
| 080 |
|
|
|a 005.332.1
|2 2011
|
| 080 |
|
|
|a (058)
|2 2011
|
| 080 |
|
|
|a 339.138
|2 2011
|
| 080 |
|
|
|a 658.8
|2 2011
|
| 080 |
|
|
|a (437.6)
|2 2011
|
| 245 |
0 |
0 |
|a Výkonnostné agentúry ...
|b špecializovaná príloha mesačníka Stratégie
|
| 264 |
|
1 |
|a [Bratislava]
|b [MAFRA Slovakia, a.s.]
|c 2023-
|
| 300 |
|
|
|c 30 cm
|
| 310 |
|
|
|a 1x ročne
|
| 336 |
|
|
|a text
|b txt
|2 rdacontent
|
| 337 |
|
|
|a bez média
|b n
|2 rdamedia
|
| 338 |
|
|
|a zväzok
|b nc
|2 rdacarrier
|
| 362 |
0 |
|
|a 2023-
|
| 500 |
|
|
|a Názov z obálky
|
| 500 |
|
|
|a Súčasťou názvu je označenie bežného roku
|
| 500 |
|
|
|a Vydavateľské údaje podľa materského dokumentu
|
| 525 |
|
|
|a Je samostatnou prílohou časopisu: Stratégie
|
| 650 |
0 |
7 |
|a výkonnosť podniku
|2 SNKPH
|9 68615
|
| 650 |
0 |
7 |
|a marketing
|2 SNKPH
|9 2299
|
| 650 |
0 |
7 |
|a Industrial productivity
|2 SNKPHeng
|9 117818
|
| 650 |
0 |
7 |
|a marketing
|2 SNKPHeng
|9 2299
|
| 651 |
|
7 |
|a Slovensko
|2 SNKPHgeo
|9 14231
|
| 651 |
|
7 |
|a Slovakia
|2 SNKPHeng
|9 92630
|
| 655 |
|
7 |
|a ročenky
|2 SNKPH
|9 57146
|
| 655 |
|
7 |
|a Yearbooks
|2 SNKPHeng
|9 120938
|
| 772 |
0 |
|
|t Stratégie (Tlačené vydanie)
|x 1335-2016
|w vtls001467591
|
| 999 |
|
|
|c 9783
|d 11713
|
| 952 |
|
|
|a SNK
|b SNK
|y PREZ
|7 0
|p 17A1525040
|o snkČSB 7865/2023
|i snk2025/2604
|8 0
|0 0
|1 0
|4 0
|d 2025-02-14
|l 0
|r 2026-02-21 19:48:20
|w 2026-02-21
|